01183nab a22002417a 4500999001500000003000400015005001700019008004100036040000700077100003700084245008300121260007300204300001300277500004500290505025300335505008900588650003200677650002300709650002100732650002400753773015100777942001300928 c5510d5510OSt20251210133823.0190604e xxu||||| |||| 00| 0 spa d cPJ 96498aBarraza, Flavia Verónica10aNiños migrantes : bel interés...¿superior? /cFlavia Verónica Barraza. aCiudad Autónoma de Buenos Aires :bThomson Reuters La Ley, c2025. ap. 29-35 aCita Online: TR LALEY AR/DOC/1931/2025.  aSumario: I. Presentación del tema.— II. Especial afectación de NNA en el contexto de la migración.— III. Problema.— IV. Actualidad.— V. ¿Derecho a la salud?— VI. Conclusión.— VII. Propuestas.— VIII. Bibliografía consultada. t¿Te interesa el texto completo? Solicitalo al correo: koha@justierradelfuego.gov.ar 09178aDERECHO CONSTITUCIONAL 096467aNACIONALIDAD 096468aCIUDADANIA 09221aJURISPRUDENCIA0 0271493171dCiudad Autónoma de Buenos Aires : Thomson Reuters La Ley, 2014-tRevista anales de legislación argentina. Nº 11 - Noviembre 2025. 2udccANA